00463nam a22001577a 450000500170000000800410001702000150005804100130007308200150008610000130010124500630011425000180017726000570019530000280025265000250028020231121131212.0231121b |||||||| |||| 00| 0 eng d a0862101646 aEnglish  a342.8 AMN  lEnglish  aWhen the State Kills... The death penalty v. human rights  aFirst Edition aLondon : bAmnesty International Publications,c1989 b268 pages ; c24,5 cm.  aLegal practice bLaw